Lagos, Nigeria (Record no. 38510)
[ view plain ]
| 000 -LEADER | |
|---|---|
| fixed length control field | 00546nam a2200157Ia 4500 |
| 022 ## - INTERNATIONAL STANDARD SERIAL NUMBER | |
| ISSN | K 60 .N5/ |
| 050 ## - CALL MARK | |
| Classification number | Nials journal of constitutional law |
| 245 #0 - TITLE STATEMENT | |
| Title | Lagos, Nigeria |
| 260 ## - PUBLICATION, DISTRIBUTION, ETC. (IMPRINT) | |
| Place of publication | Nigeria institute of advanced legal studies lagos |
| 260 ## - PUBLICATION, DISTRIBUTION, ETC. (IMPRINT) | |
| Name of publisher | 2013 |
| 260 ## - PUBLICATION, DISTRIBUTION, ETC. (IMPRINT) | |
| Year of publication | xxiii, 331 p. ; 22 cm. |
| 300 ## - PHYSICAL DESCRIPTION | |
| Number of Pages | Constitutional law--Nigeria--Periodicals. Civil rights--Nigeria--Periodicals. Human rights--Nigeria--Periodicals. Law reviews--Nigeria. |
| 650 ## - SUBJECT ADDED ENTRY--TOPICAL TERM | |
| Topical Term | SR |
No items available.